000 00468nam a2200169Ia 4500
005 20250923144517.0
008 008 250917s9999 xx 000 0 eng d
037 _aTextual
040 _aDSWL
_beng
_cDSWL
041 _aeng
_2eng
084 _qDSWL
245 0 _aFather of the modern India
_cEd.by S.C. Chakravarti
260 _aCalcutta
_bS.C. Chakarvarti Sadhara Brhamosamaj
_c1935
300 _axxxviii,572p.
942 _cTEXL
999 _c1439830
_d1439830